Panchayati raj and reservation policy : (Record no. 164386)

MARC details
000 -LEADER
fixed length control field 00704nam a2200193 4500
005 - DATE AND TIME OF LATEST TRANSACTION
control field 20190517122657.0
010 ## - LCCN (DPL NO)
LC control number ENG-125210
020 ## - INTERNATIONAL STANDARD BOOK NUMBER
International Standard Book Number 9789352806980
Terms of availability 895.00
035 ## - SYSTEM CONTROL NUMBER
System control number EN-108742
037 ## - SOURCE OF ACQUISITION
Source of stock number/acquisition DBAD/PUB
082 ## - DEWEY DECIMAL CLASSIFICATION NUMBER
Classification number 320.840
100 ## - MAIN ENTRY--PERSONAL NAME
Personal name Sharma, B.M.
245 ## - TITLE STATEMENT
Title Panchayati raj and reservation policy :
Remainder of title study of impact of reservation policy on the marginalised section of the society/
Statement of responsibility, etc B.M. Sharma
260 ## - PUBLICATION, DISTRIBUTION, ETC. (IMPRINT)
Place of publication, distribution, etc New Delhi
Name of publisher, distributor, etc Rawat Publications
Date of publication, distribution, etc 2018
270 ## - ADDRESS
Address 4858/24, Ansari Road
City Daryaganj, New Delhi
Postal code 110002
Electronic mail address info@rawatbooks.com
300 ## - PHYSICAL DESCRIPTION
Extent xii,207p.
Dimensions 21cm(Hb)
500 ## - GENERAL NOTE
General note Includes bibliographical references and index
942 ## - ADDED ENTRY ELEMENTS (KOHA)
Source of classification or shelving scheme Dewey Decimal Classification
Item type English Books
Classification part 320.840
Call number suffix SHA
Holdings
Withdrawn status Lost status Not for loan Collection code Home library Current library Date acquired Source of acquisition Cost, normal purchase price Full call number Barcode Copy number Cost, replacement price Koha item type
    Not For Loan Non-fiction D.B.Act.Division Central Library 17/05/2019 DBAD/PUB 895.00 320.840 SHA EN-108742 1 895.00 English Books

© Delhi Public Library
Hit Counter
free hit counter